00701cam a22002171 4500001001300000003000400013005001700017008004100034010001700075035001900092040004300111042001200154050002400166110004800190245009600238260002400334300003500358500001700393650004300410650003000453l 62000038 DLC20260227111546.0820907s1962 dcua f000 0 eng c al 62000038  a(OCoLC)8750097 aU.S. Dept. of Labor. LibrarycMBUdDLC apremarc00aHD5723b.A5123 19621 aUnited States.bBureau of Labor Statistics.00aUnemployment, employment, and labor force, 1947-61:boriginal and seasonally adjusted data. a[Washington]c1962. a36 p. (chiefly tables)c27 cm. aCover title. 0aUnemployedzUnited StatesvStatistics. 0aLabor supplyvStatistics.